00000000nam 2200000zi 4500
0019.939743
003CaOODSP
00520240625161803
006m     o  d f      
007cr |n|||||||||
008240624s2009    quca    o    f000 0 fre d
040 |aCaOODSP|bfre|erda|cCaOODSP
043 |an-cn-qu
0861 |aCW66-1245/2009F-PDF
24500|aListe de oiseaux : |bRéserve nationale de faune du cap Tourmente.
264 1|aSaint-Joachim (Québec) : |bEnvironnement Canada = Environment Canada, |c[2009]
300 |a1 ressource en ligne (2 pages non numérotées) : |billustrations
336 |atexte|btxt|2rdacontent/fre
337 |ainformatique|bc|2rdamedia/fre
338 |aressource en ligne|bcr|2rdacarrier/fre
500 |aÉdition numérisée de l’imprimé [par Environnement et changement climatique Canada].
500 |aPublié aussi en anglais sous le titre : Bird list : Cap Tourmente National Wildlife Area.
650 6|aOiseaux|zQuébec (Province)
650 6|aRefuges fauniques|zQuébec (Province)
7101 |aCanada. |bEnvironnement Canada, |eorganisme de publication.
77508|tBird list : |w(CaOODSP)9.927373
85640|qPDF|s547 Ko|uhttps://publications.gc.ca/collections/collection_2024/eccc/cw66/CW66-1245-2009-fra.pdf